[Event "AUTO-ADV-4924"]
[Site "http://www.queenalice.com/game.php?id=1870444"]
[Date "2026.3.13"]
[Round "1"]
[White "Jsc"]
[Black "mvson33"]
[Result "1-0"]
[WhiteElo "1958"]
[BlackElo "1814"]

1. e4 c6 2. d4 d5 3. e5 Bf5 4. c4 e6 5. Nc3 dxc4 6. Bxc4 Nd7 7. Nge2 Bb4 8. Qb3
Ba5 9. Qxb7 Bb6 10. Qxc6 Ne7 11. Qa4 O-O 12. O-O Rc8 13. Ba6 Rb8 14. b3 Ba5 15.
Ba3 Re8 16. Bd6 Rb6 17. Qxa5 Nc6 18. Qa3 Ndb8 19. Bc4 Qg5 20. Ng3 Bg6 21. Be2
Rc8 22. d5 exd5 23. Nxd5 Qd8 24. Nxb6 Qxb6 25. Rac1 1-0

[Event "AUTO-ADV-4924"]
[Site "http://www.queenalice.com/game.php?id=1870446"]
[Date "2026.3.13"]
[Round "1"]
[White "Jsc"]
[Black "SGF"]
[Result "1-0"]
[WhiteElo "1876"]
[BlackElo "1674"]

1. e4 e5 2. Nf3 Qf6 3. Nc3 c6 4. Bc4 d6 5. h3 Be7 6. d3 b5 7. Bb3 Qg6 8. g4 h5
9. g5 a5 10. a3 a4 11. Ba2 f6 12. h4 Bg4 13. Kf1 fxg5 14. hxg5 Bxg5 15. Bxg5
Qxg5 16. Nxg5 Bxd1 17. Rxd1 Nd7 18. Bxg8 Rxg8 19. Rxh5 O-O-O 20. Ke2 Nf6 21. Rh3
Rh8 22. Rdh1 Rxh3 23. Rxh3 Rf8 24. Ne6 Rg8 25. Rg3 Kd7 26. Nxg7 c5 27. Nxb5 Kc6
28. Nc3 Kb6 29. Nxa4+ Kb5 30. Nc3+ Kc6 31. Nf5 Rxg3 32. Nxg3 Ng4 33. f3 Nf6 34.
Ke3 Kd7 35. Nb1 Kc6 36. Nd2 d5 37. exd5+ Nxd5+ 38. Ke4 Kd6 39. Nc4+ Ke6 40. Nxe5
Nf6+ 41. Kf4 Nd5+ 42. Ke4 Nf6+ 43. Kf4 Nd5+ 44. Kg5 Kxe5 45. Ne4 Kd4 46. f4 Ne3
47. f5 Nxc2 48. f6 Ne3 49. f7 c4 50. f8=Q Kxd3 51. Qf3 Kd4 52. Nf2 Nd5 53. Qe4+
Kc5 54. Nd1 Nb6 55. Ne3 Na4 56. Qxc4+ Kb6 57. Qxa4 Kc5 58. Qc4+ Kd6 59. Qd5+ Kc7
60. Qe6 Kb7 61. Qd6 Kc8 62. Qe7 Kb8 63. Qd7 Ka8 64. Nf5 Kb8 65. Nd6 Ka8 66. Qb7#
1-0

[Event "AUTO-ADV-4924"]
[Site "http://www.queenalice.com/game.php?id=1870447"]
[Date "2026.3.13"]
[Round "1"]
[White "SGF"]
[Black "Jsc"]
[Result "0-1"]
[WhiteElo "1754"]
[BlackElo "1836"]

1. e4 e6 2. Qf3 c5 3. Bc4 a6 4. c3 b5 5. e5 Nc6 6. Bd3 Qg5 7. Qg3 Qxe5+ 8. Qxe5
Nxe5 9. Be4 d5 10. Bf3 Nd3+ 11. Ke2 Nxc1+ 12. Kd1 Nd3 13. a4 Nxb2+ 14. Kc2 Nxa4
15. Ne2 c4 16. Nd4 Kd7 17. h4 Nf6 18. g4 h6 19. g5 hxg5 20. hxg5 Rxh1 21. Bxh1
Ng4 22. f3 Nf2 23. Bg2 Nd3 24. Bh3 g6 25. Na3 Bxa3 26. Rxa3 Ne1+ 27. Kd1 Nd3 28.
Ke2 Nf4+ 29. Ke3 Nxh3 30. f4 Kd6 31. Kf3 e5 32. fxe5+ Kxe5 33. Nc6+ Kd6 34. Nd4
Nxg5+ 35. Kf4 Ne6+ 36. Nxe6 Bxe6 37. Kg5 Rh8 38. Ra1 Rh2 39. d4 cxd3 40. Kf6 Rc2
41. Ra3 d2 42. Ra1 Rc1 43. Rxc1 dxc1=Q 44. Kg7 Qxc3+ 45. Kf8 Qh8# 0-1

[Event "AUTO-OPEN-4643"]
[Site "http://www.queenalice.com/game.php?id=1870482"]
[Date "2026.3.13"]
[Round "1"]
[White "shmurtz91"]
[Black "Jsc"]
[Result "0-1"]
[WhiteElo "1968"]
[BlackElo "1984"]

1. e4 e6 2. d4 d5 3. a3 Nf6 4. e5 Nfd7 5. c4 c6 6. Nf3 dxc4 7. Bxc4 Nb6 8. b3
Nxc4 9. bxc4 Nd7 10. O-O Be7 11. Bb2 O-O 12. Nbd2 b6 13. Re1 Re8 14. Ne4 a5 15.
Qe2 Ba6 16. Nd6 Bxd6 17. exd6 Nf6 18. Qe5 Bxc4 19. h3 Bd5 20. Nd2 Ra7 21. a4 Rd7
22. Ba3 Rf8 23. Nb1 Ne8 24. Nc3 Nxd6 25. Qg3 Re8 26. Rac1 Nc4 0-1

[Event "AUTO-OPEN-4643"]
[Site "http://www.queenalice.com/game.php?id=1870483"]
[Date "2026.3.13"]
[Round "1"]
[White "Jsc"]
[Black "shmurtz91"]
[Result "1-0"]
[WhiteElo "1964"]
[BlackElo "1941"]

1. e4 Nc6 2. d4 d5 3. e5 Bf5 4. Be3 f6 5. exf6 Nxf6 6. h3 Ne4 7. Nd2 e5 8. dxe5
Bb4 9. c3 Nxc3 10. bxc3 Bxc3 11. Rc1 Bxe5 12. Ndf3 Bf6 13. Nd4 Qd7 14. Ngf3 O-O
15. Nxf5 Qxf5 16. Bd3 Qd7 17. O-O d4 18. Bf4 Rac8 19. Qc2 Be7 20. Bxh7+ Kh8 21.
Bd2 Qd5 22. Be4 1-0

[Event "AUTO-OPEN-4643"]
[Site "http://www.queenalice.com/game.php?id=1870506"]
[Date "2026.3.13"]
[Round "1"]
[White "Fauquinelle"]
[Black "Jsc"]
[Result "1-0"]
[WhiteElo "2036"]
[BlackElo "1999"]

1. d4 d5 2. c4 dxc4 3. Nf3 c6 4. a4 Na6 5. e4 e6 6. Bxc4 Nc7 7. Nc3 Be7 8. O-O
h6 9. Bf4 Nf6 10. Qb3 O-O 11. Rad1 b6 12. d5 cxd5 13. exd5 exd5 14. Nxd5 Ncxd5
15. Bxd5 Nxd5 16. Rxd5 Qe8 17. Re1 Be6 18. Qd3 Bxd5 19. Qxd5 Qxa4 20. Rxe7 Qxf4
21. h3 Rfc8 22. g3 Qf6 23. Re2 Qc6 24. Qb3 Qc4 25. Re8+ Kh7 26. Qxc4 1-0

[Event "AUTO-OPEN-4643"]
[Site "http://www.queenalice.com/game.php?id=1870507"]
[Date "2026.3.13"]
[Round "1"]
[White "Jsc"]
[Black "Fauquinelle"]
[Result "1-0"]
[WhiteElo "1950"]
[BlackElo "2082"]

1. e4 c5 2. c3 d5 3. exd5 Qxd5 4. Na3 a6 5. Nc2 e5 6. d4 Nc6 7. Be3 Bf5 8. c4
Qd8 9. d5 Bxc2 10. Qxc2 Nd4 11. Qe4 Bd6 12. O-O-O Nf6 13. Qh4 Be7 14. Qg3 Nf5
15. Qxe5 Nxe3 16. fxe3 O-O 17. d6 1-0

[Event "AUTO-ADV-4925"]
[Site "http://www.queenalice.com/game.php?id=1870666"]
[Date "2026.3.19"]
[Round "1"]
[White "kuntakinte"]
[Black "Jsc"]
[Result "0-1"]
[WhiteElo "1744"]
[BlackElo "1942"]

1. e4 e6 2. Bc4 c5 3. Nf3 a6 4. O-O b5 5. Be2 Bb7 6. d3 Be7 7. e5 Nc6 8. c3 Qc7
9. Bf4 f6 10. exf6 Qxf4 11. fxg7 Bf6 12. gxh8=Q Bxh8 13. g3 Qh6 14. a4 b4 15. a5
Nf6 16. Qd2 Qh5 17. d4 Ng4 18. Kg2 O-O-O 19. Rh1 bxc3 20. bxc3 cxd4 21. Qd3 Nce5
22. Nd2 Nxd3 23. Bxd3 Bxf3+ 24. Nxf3 dxc3 25. Bxa6+ Kb8 26. Rab1+ Ka7 27. Bd3
Ne5 28. Be4 Nxf3 29. Bxf3 Qf5 30. Rbc1 c2 31. Rhe1 Bb2 32. Be4 Qxa5 33. Bxc2
Bxc1 34. Rxc1 Qa3 35. Re1 Qc3 36. Rc1 Qb2 0-1

[Event "AUTO-ADV-4925"]
[Site "http://www.queenalice.com/game.php?id=1870667"]
[Date "2026.3.19"]
[Round "1"]
[White "Jsc"]
[Black "kuntakinte"]
[Result "1-0"]
[WhiteElo "1985"]
[BlackElo "1751"]

1. e4 e5 2. Nf3 d6 3. h3 Nf6 4. Nc3 c6 5. Bc4 Qd7 6. O-O b5 7. Bb3 b4 8. Ne2
Nxe4 9. d3 Nf6 10. Ng5 d5 11. Re1 Be7 12. f4 e4 13. dxe4 Nxe4 14. Nxe4 dxe4 15.
Qxd7+ Bxd7 16. Ng3 f5 17. Bd2 a5 18. a3 c5 19. axb4 a4 20. Bd5 Ra7 21. bxc5
Bxc5+ 22. Kh1 a3 23. bxa3 Bf2 24. Reb1 Ke7 25. Bb4+ Kf6 26. Rb3 Bxg3 27. Rxg3
Be8 28. Bc3+ Ke7 29. Rxg7+ Kd6 30. Rxa7 Kxd5 31. Bxh8 Nc6 32. Rxh7 e3 33. Re1
Bg6 34. Rg7 1-0

[Event "AUTO-ADV-4925"]
[Site "http://www.queenalice.com/game.php?id=1870682"]
[Date "2026.3.19"]
[Round "1"]
[White "Capixabba789"]
[Black "Jsc"]
[Result "0-1"]
[WhiteElo "1877"]
[BlackElo "1999"]

1. d4 d5 2. Nc3 c6 3. f4 Bf5 4. Nf3 h6 5. e3 Nf6 6. Bd3 e6 7. O-O Be7 8. Ne5
Nbd7 9. Ne2 O-O 10. Ng3 Bh7 11. Qf3 Qc7 12. Bd2 c5 13. c3 Nxe5 14. fxe5 Bxd3 15.
exf6 Bxf6 16. dxc5 Bxf1 17. Rxf1 Qxc5 18. a3 a5 19. Kh1 b5 20. e4 Rfd8 21. Be3
Qc7 22. exd5 Rxd5 23. Nh5 Bg5 24. Bd4 g6 25. Nf6+ Bxf6 26. Qxf6 e5 27. Be3 Kh7
28. h4 e4 29. Bd4 Rxd4 30. cxd4 Rf8 31. h5 g5 32. Qf5+ Kg8 33. Qxe4 Qd7 34. d5
Rd8 35. Rd1 f5 36. Qd4 Qf7 37. Qb6 Qxh5+ 38. Kg1 Qxd1+ 39. Kh2 Qxd5 40. Qg6+ Kf8
41. Qxh6+ Ke8 42. Qh8+ Kd7 43. Qh7+ Kc8 44. Qa7 Qe5+ 0-1

[Event "AUTO-ADV-4925"]
[Site "http://www.queenalice.com/game.php?id=1870683"]
[Date "2026.3.19"]
[Round "1"]
[White "Jsc"]
[Black "Capixabba789"]
[Result "0-1"]
[WhiteElo "2010"]
[BlackElo "1906"]

1. e4 e5 2. Nf3 d6 3. h3 Be6 4. c3 Nf6 5. Bd3 Be7 6. O-O O-O 7. Bc2 c5 8. d4
exd4 9. cxd4 cxd4 10. Nxd4 Bc4 11. Re1 Nc6 12. Nf3 Ne5 13. b3 Be6 14. Bb2 Rc8
15. Nxe5 dxe5 16. Bxe5 Qxd1 17. Bxd1 Rc1 18. Bb2 Bb4 19. Nc3 Bxc3 20. Bxc3 Rxc3
0-1

[Event "AUTO-ADV-4926"]
[Site "http://www.queenalice.com/game.php?id=1870869"]
[Date "2026.3.24"]
[Round "1"]
[White "Daniel1962"]
[Black "Jsc"]
[Result "0-1"]
[WhiteElo "1735"]
[BlackElo "1989"]

1. d4 d5 2. Nf3 c6 3. Bf4 Na6 4. a3 Nc7 5. Ng5 f6 6. Bxc7 Qxc7 7. Nf3 e5 8. dxe5
fxe5 9. e3 e4 10. Nd4 Nf6 11. Be2 Bd6 12. Bh5+ g6 13. Be2 Bd7 14. b4 b5 15. c3
a5 16. bxa5 Qxa5 17. O-O b4 18. Nb3 Qb6 19. cxb4 Qc7 20. Qd4 Bxh2+ 21. Kh1 Be5
22. Qd2 Bxa1 23. Nxa1 O-O 24. Nc2 Qe5 25. g3 Bg4 26. Bxg4 Nxg4 27. Nd4 Qh5+ 28.
Kg2 Qh2# 0-1

[Event "AUTO-ADV-4926"]
[Site "http://www.queenalice.com/game.php?id=1870870"]
[Date "2026.3.24"]
[Round "1"]
[White "Jsc"]
[Black "Daniel1962"]
[Result "1/2-1/2"]
[WhiteElo "1990"]
[BlackElo "1744"]

1. e4 e6 2. d4 Nc6 3. c3 Nf6 4. Bd3 Bd6 5. e5 Bxe5 6. dxe5 Nxe5 7. Bc2 b6 8. Nf3
Neg4 9. h3 Nh6 10. Bxh6 gxh6 11. Nbd2 Bb7 12. O-O Rg8 13. Qe2 Nd5 14. Qe5 f6 15.
Qh5+ Ke7 16. Qxh6 Qf8 17. Qh4 Bc6 18. a3 Qg7 19. Qxh7 Nf4 20. Qxg7+ Rxg7 21. g3
Nxh3+ 22. Kg2 Ng5 23. Rh1 d5 24. Nd4 Bb7 25. f3 Rag8 26. Rae1 c5 27. Nf5+ Kd7
28. Nxg7 Rxg7 29. Kf2 e5 30. f4 exf4 31. gxf4 Ne6 32. Rh7 Rxh7 33. Bxh7 Nxf4 34.
Nf3 c4 35. Bf5+ Kc6 36. Nd4+ Kc5 37. Kf3 Nd3 38. Bxd3 cxd3 39. Ke3 Kc4 40. Rf1
b5 41. b4 Kxc3 42. Nxb5+ Kc2 43. Rf2+ Kb3 44. Kxd3 Ba6 45. Rxf6 Bxb5+ 46. Kd4
Bc4 47. Rf3+ Ka4 48. Rc3 Bb3 49. Rxb3 Kxb3 50. Kxd5 Kxa3 51. Kc5 Ka4 1/2-1/2

[Event "AUTO-ADV-4926"]
[Site "http://www.queenalice.com/game.php?id=1870884"]
[Date "2026.3.24"]
[Round "1"]
[White "Jsc"]
[Black "chessman"]
[Result "0-1"]
[WhiteElo "1980"]
[BlackElo "1987"]

1. e4 e6 2. d4 d5 3. e5 c5 4. c3 cxd4 5. cxd4 Nc6 6. Nf3 Qb6 7. Bd3 Bd7 8. Bc2
Nb4 9. Nc3 Nxc2+ 10. Qxc2 Bb4 11. a3 Bxc3+ 12. bxc3 Rc8 13. a4 Ne7 14. Ba3 Nf5
15. O-O Nxd4 16. cxd4 Rxc2 0-1

[Event "AUTO-OPEN-4644"]
[Site "http://www.queenalice.com/game.php?id=1870901"]
[Date "2026.3.24"]
[Round "1"]
[White "zubarev"]
[Black "Jsc"]
[Result "1-0"]
[WhiteElo "1958"]
[BlackElo "2016"]

1. d4 d5 2. Nf3 c6 3. e3 Bg4 4. Be2 Bxf3 5. Bxf3 Na6 6. a3 Nc7 7. O-O Nf6 8. c3
a5 9. Bd2 e6 10. Be1 a4 11. Nd2 b5 12. e4 Be7 13. exd5 cxd5 14. Be2 Rb8 15. f4
O-O 16. Nf3 Nce8 17. Ne5 Qc7 18. Bg3 Nd6 19. Bd3 Nfe4 20. Qf3 f5 21. Be1 Nc4 22.
Nxc4 bxc4 23. Bxe4 fxe4 24. Qf2 Bd6 25. g3 e5 26. f5 exd4 27. cxd4 Be7 28. Qc2
Qd7 29. g4 Rb3 30. Bc3 Rf6 31. Rf2 Qd6 32. Qd2 h6 33. Kh1 Rf8 34. f6 Bxf6 35.
Bb4 Rxb4 36. axb4 Ra8 37. Qc2 Qxb4 38. Rf5 Qb5 39. Qc3 Kf7 40. Raf1 Ke6 41. R1f4
Rf8 42. Rxe4+ Kd6 43. Re1 1-0

[Event "AUTO-OPEN-4644"]
[Site "http://www.queenalice.com/game.php?id=1870930"]
[Date "2026.3.24"]
[Round "1"]
[White "mvson33"]
[Black "Jsc"]
[Result "0-1"]
[WhiteElo "1829"]
[BlackElo "1979"]

1. d4 d5 2. Nf3 c6 3. e3 Bg4 4. Be2 Bxf3 5. Bxf3 Nd7 6. Nd2 Ngf6 7. Be2 e5 8.
dxe5 Nxe5 9. Nf3 Bd6 10. O-O Qc7 11. Bd2 Nxf3+ 12. Bxf3 Bxh2+ 13. Kh1 Be5 14. c3
O-O 15. Rc1 b5 16. Re1 a5 17. Kg1 Nd7 18. e4 Nc5 19. exd5 cxd5 20. Bxd5 Rad8 21.
Bf3 Nd3 0-1

[Event "AUTO-OPEN-4644"]
[Site "http://www.queenalice.com/game.php?id=1870931"]
[Date "2026.3.24"]
[Round "1"]
[White "Jsc"]
[Black "ricardoaurelio"]
[Result "1-0"]
[WhiteElo "1968"]
[BlackElo "1968"]

1. e4 e5 2. Nf3 Nc6 3. d4 exd4 4. Nxd4 Nxd4 5. Qxd4 d6 6. Be2 c5 7. Qc3 Qe7 8.
f3 Nf6 9. O-O h6 10. Bf4 g5 11. Bg3 Be6 12. Rd1 Rd8 13. Bb5+ Bd7 14. Bxd6 Qe6
15. Bc4 Nxe4 16. Qxh8 Qxd6 17. Rxd6 Nxd6 18. Bd5 Bc8 19. Nc3 Kd7 20. Rd1 Kc7 21.
Qe5 a6 22. Bxf7 1-0

[Event "AUTO-OPEN-4644"]
[Site "http://www.queenalice.com/game.php?id=1870932"]
[Date "2026.3.24"]
[Round "1"]
[White "ricardoaurelio"]
[Black "Jsc"]
[Result "0-1"]
[WhiteElo "1952"]
[BlackElo "1970"]

1. e4 e6 2. d4 d5 3. e5 c5 4. Bb5+ Nc6 5. Nf3 Qb6 6. Bxc6+ bxc6 7. c3 cxd4 8.
cxd4 Ne7 9. O-O Nf5 10. a3 c5 11. dxc5 Bxc5 12. Nc3 Bd7 13. b4 Bf8 14. Re1 g6
15. Be3 Nxe3 16. Rxe3 Bg7 17. Rc1 Bh6 18. Re1 Bxc1 19. Qxc1 Rc8 20. Qb2 O-O 21.
h3 Rc7 22. Rd1 Rfc8 23. Rc1 d4 24. Ne2 Rxc1+ 25. Nxc1 Qc7 26. Nd3 Qc3 27. Qe2
Bb5 28. Nfe1 Bxd3 29. Qxd3 Qxd3 30. Nxd3 Rc3 31. Nc5 d3 32. Ne4 Rc1+ 33. Kh2 Re1
34. f3 Re2 35. Nc3 Rxe5 36. Kg3 d2 37. Kf2 Re1 38. h4 d1=Q 39. Nxd1 Rxd1 40. Ke2
Ra1 41. Kd3 Rxa3+ 42. Kd4 Ra6 43. g4 Rb6 44. Kc5 Kg7 45. Kc4 Kf6 46. f4 e5 47.
fxe5+ Kxe5 48. b5 Kf4 0-1

[Event "AUTO-OPEN-4646"]
[Site "http://www.queenalice.com/game.php?id=1871370"]
[Date "2026.4.4"]
[Round "1"]
[White "cerenzo72"]
[Black "Jsc"]
[Result "1-0"]
[WhiteElo "2193"]
[BlackElo "2010"]

1. c4 e5 2. Nc3 Nf6 3. g3 d5 4. cxd5 Nxd5 5. Bg2 c6 6. Nf3 f6 7. O-O Be6 8. d4
exd4 9. Nxd4 Bf7 10. e4 Nxc3 11. bxc3 Nd7 12. Bf4 g5 13. Be3 Ne5 14. Qe2 h5 15.
Rad1 Bc4 16. Qc2 Bxf1 17. Nxc6 Qc7 18. Nxe5 Qxe5 19. Bxf1 Bd6 20. Bd4 Qe7 21.
Qa4+ Kf8 22. Qb5 Kg7 23. e5 Bxe5 24. Bxe5 fxe5 25. Rd7 Rhe8 26. Qxb7 Qxd7 27.
Qxd7+ Kf6 28. Bd3 1-0

[Event "AUTO-OPEN-4646"]
[Site "http://www.queenalice.com/game.php?id=1871398"]
[Date "2026.4.4"]
[Round "1"]
[White "Pipo712"]
[Black "Jsc"]
[Result "1-0"]
[WhiteElo "2107"]
[BlackElo "1974"]

1. e4 e6 2. d4 d5 3. Nd2 dxe4 4. Nxe4 Nf6 5. Bg5 Be7 6. Nxf6+ Bxf6 7. Bxf6 Qxf6
8. Nf3 O-O 9. Bd3 Rd8 10. Qe2 Nc6 11. c3 Bd7 12. h4 Ne7 13. Ne5 Bc6 14. Nxc6
Nxc6 15. O-O-O Rd5 16. Qe4 Qh6+ 17. f4 Rad8 18. Kb1 Rf5 19. g3 Qg6 20. Qf3 1-0

[Event "AUTO-OPEN-4646"]
[Site "http://www.queenalice.com/game.php?id=1871399"]
[Date "2026.4.4"]
[Round "1"]
[White "Jsc"]
[Black "Pipo712"]
[Result "1-0"]
[WhiteElo "1992"]
[BlackElo "2118"]

1. e4 c5 2. c3 d5 3. exd5 Qxd5 4. Na3 Nf6 5. Nf3 Bg4 6. Be2 Nc6 7. Nc2 Qd8 8. d4
e6 9. Be3 cxd4 10. Ncxd4 Nxd4 11. Bxd4 Be7 12. Qa4+ Kf8 13. Bxf6 Bxf3 14. Bxe7+
1-0

[Event "AUTO-OPEN-4648"]
[Site "http://www.queenalice.com/game.php?id=1871975"]
[Date "2026.4.15"]
[Round "1"]
[White "game"]
[Black "Jsc"]
[Result "0-1"]
[WhiteElo "1667"]
[BlackElo "1980"]

1. e4 e6 2. Nf3 c5 3. Ne5 Qc7 4. d4 cxd4 5. Bf4 d6 6. Nf3 e5 7. Bd2 Nf6 8. Ng5
h6 9. Nf3 Nxe4 10. Bd3 Nf6 11. Na3 a6 12. Qe2 Nc6 13. O-O-O Be6 14. Nc4 b5 15.
Na3 d5 16. Qe1 e4 17. Bxe4 dxe4 18. Nh4 Be7 19. g3 Bxa2 20. Nf5 O-O 21. Nxe7+
Nxe7 22. b3 Bxb3 23. Kb2 Bd5 24. Bf4 Qc5 25. Be5 Nc6 26. Bxf6 gxf6 27. Rg1 b4
28. Nb1 Na5 29. Nd2 Qc3+ 30. Kc1 Qa1+ 31. Nb1 Nb3+ 32. cxb3 Rac8+ 33. Kd2 Qb2#
0-1